| 000 | 013710000a22001930004500 | ||
|---|---|---|---|
| 041 | 0 | _aSPA | |
| 082 | 0 | 4 | _aG 174.9 A282e |
| 100 | 1 | _aAgudelo Giraldo, Guillermo | |
| 245 | 1 | 0 | _aÉtica profesional de la educación : Fundamentos y aplicaciones / Gullermo Agudelo Giraldo |
| 260 | _aBogotá, Colombia : | ||
| 300 | _a434 Pag. | ||
| 505 | 0 | 0 | _aintroducción -- introducción propedéutica -- el hecho moral -- la ética como disciplina filosófica o filosofía moral -- definición de la ética -- el nacimiento de la ética como disciplina filosófica -- la axiología y el estudio del valor moral -- el orden moral -- el acto humano -- disposiciones morales -- el deber y el derecho -- los sistemas morales -- la moral revolucionaria -- ética y sexología -- temas variados del derecho de la educación -- el educador y la personalidad, la libertad y el carácter del alumno -- agentes de la educación función social del plantel educativo -- cualidades del educador -- deberes de los profesionales de la enseñanza -- solidaridad social y profesionalidad -- la remuneración justa del trabajo en el régimen del asalariado -- la huelga profesional del magisterio |
| 650 | 1 | 4 | _aCONDUCTA (ETICA) \ ETICA PROFESIONAL |
| 001 | 1312 | ||
| 942 | _cBK | ||
| 999 |
_c32635 _d32635 |
||
| 336 |
_atexto _btxt _2rdacontent |
||
| 337 |
_2rdamedia _asin mediación _bn |
||
| 338 |
_2rdacarrier _avolumen _bnc |
||